MARC

LEADER 00000nam0a2200000 4500
001 95129
005 20231031105940.0
035 |a (RuTPU)RU\TPU\book\101881 
090 |a 95129 
100 |a 20060420d1974 m y0rusy50 ca 
101 0 |a rus 
102 |a RU 
105 |a a j 001zy 
200 1 |a Основы автоматизации санитарно-технических устройств  |e учебное пособие для техникумов  |f В. Я. Меклер, Л. С. Раввин 
210 |a Москва  |c Стройиздат  |d 1974 
215 |a 228 с.  |c ил. 
320 |a Библиогр.: с. 224-225. 
610 1 |a санитарно-техническое оборудование 
610 1 |a автоматизация 
610 1 |a учебные пособия 
610 1 |a автоматическое регулирование 
610 1 |a теплоснабжение 
610 1 |a водоснабжение 
610 1 |a канализация 
610 1 |a вентиляционные системы 
610 1 |a кондиционирование 
610 1 |a проектирование 
610 1 |a наладка 
610 1 |a монтаж 
675 |a 628.002.5(075.8)  |v 3 
700 1 |a Меклер  |b В. Я.  |g Владимир Яковлевич 
701 1 |a Раввин  |b Л. С.  |g Леонид Семёнович 
801 1 |a RU  |b 63413507  |c 20060420  |g PSBO 
801 2 |a RU  |b 63413507  |c 20070426  |g PSBO 
942 |c BK